[Event "BUL-ch"]
[Site "Sofia"]
[Date "1996.??.??"]
[Round "1"]
[White "Dovramadjiev, Tihomir"]
[Black "Semkov, Semko"]
[Result "1-0"]
[WhiteElo "2280"]
[BlackElo "2455"]
[PlyCount "52"]
[EventDate "1996.??.??"]
[EventType "k.o."]
[EventRounds "5"]
[EventCountry "BUL"]
[SourceTitle "EXT 1999"]
[Source "ChessBase"]
[SourceDate "1998.11.16"]
[SourceVersion "1"]
[SourceVersionDate "1998.11.16"]
[SourceQuality "1"]

1. e4 c5 2. Nc3 Nc6 3. g3 g6 4. Bg2 Bg7 5. d3 d6 6. f4 e6 7. Nf3 Nge7 8. 0-0 0-0 9. Be3 Nd4 10. e5 Nef5 11. Bf2 Nxf3+ 12. Qxf3 dxe5 13. Bxc5 Re8 14. fxe5 Bxe5 15. Rae1 Bd4+ 16. Bxd4 Qxd4+ 17. Kh1 h5 18. Nd5 Bd7 19. Nc7 Bc6 20. Qf2 Qxb2 21. Bxc6 bxc6 22. Nxe8 Rxe8 23. c4 Qb7 24. Rb1 Qd7 25. Qf3 Rd8 26. Rfd1 c5 1-0

[Event "BUL-ch"]
[Site "Sofia"]
[Date "1996.??.??"]
[Round "1"]
[White "Semkov, Semko"]
[Black "Dovramadjiev, Tihomir"]
[Result "0-1"]
[WhiteElo "2455"]
[BlackElo "2280"]
[PlyCount "114"]
[EventDate "1996.??.??"]
[EventType "k.o."]
[EventRounds "5"]
[EventCountry "BUL"]
[SourceTitle "EXT 1999"]
[Source "ChessBase"]
[SourceDate "1998.11.16"]
[SourceVersion "1"]
[SourceVersionDate "1998.11.16"]
[SourceQuality "1"]

1. d4 c5 2. d5 e5 3. c4 d6 4. Nc3 f5 5. e4 Nf6 6. exf5 Bxf5 7. Nge2 Be7 8. Ng3 Bg6 9. Bd3 Bxd3 10. Qxd3 0-0 11. 0-0 Nbd7 12. Bd2 Qe8 13. Rae1 a6 14. f4 Nh5 15. Nf5 g6 16. Nh6+ Kg7 17. f5 g5 18. Ng4 Nf4 19. Bxf4 gxf4 20. Ne4 Qh5 21. f6+ Bxf6 22. Qf3 Be7 23. Nxe5 Qxe5 24. Qg4+ Kh8 25. Nf2 Qg5 26. Qxd7 Rg8 27. Qh3 Bf6 28. Ne4 Bd4+ 29. Kh1 Qg6 30. Rxf4 Bxb2 31. Ref1 Be5 32. Rf5 Qg4 33. Qxg4 Rxg4 34. Re1 Rag8 35. g3 b5 36. cxb5 axb5 37. h3 R4g7 38. g4 c4 39. Nf6 Rf8 40. g5 Rgf7 41. Ref1 Kg7 42. Rg1 c3 43. Rg2 b4 44. Rf1 Rc8 45. Rc1 Rc4 46. Re2 Rd4 47. Ne8+ Kf8 48. Nf6 Rd3 49. h4 Rh3+ 50. Kg2 Rxh4 51. Rb1 Rh2+ 52. Kf3 Rxe2 53. Kxe2 c2 54. Rc1 Rc7 55. Kd3 Rc3+ 56. Ke4 Bxf6 57. gxf6 Kf7 0-1

[Event "BUL-ch"]
[Site "Sofia"]
[Date "1996.??.??"]
[Round "1"]
[White "Semkov, Semko"]
[Black "Dovramadjiev, Tihomir"]
[Result "0-1"]
[WhiteElo "2455"]
[BlackElo "2280"]
[PlyCount "64"]
[EventDate "1996.??.??"]
[EventType "k.o."]
[EventRounds "5"]
[EventCountry "BUL"]
[SourceTitle "EXT 1999"]
[Source "ChessBase"]
[SourceDate "1998.11.16"]
[SourceVersion "1"]
[SourceVersionDate "1998.11.16"]
[SourceQuality "1"]

1. d4 Nf6 2. c4 d6 3. Nc3 Nbd7 4. Nf3 e5 5. e4 Be7 6. Be2 c6 7. 0-0 Qc7 8. Be3 h6 9. d5 c5 10. Nd2 g5 11. a3 a6 12. b4 b6 13. Nb3 Nf8 14. Qd2 Ng6 15. Rfb1 Ng4 16. Bxg4 Bxg4 17. bxc5 bxc5 18. Nc1 Bd7 19. Qb2 0-0 20. Qb7 Qa5 21. Bd2 Qd8 22. Qb6 Qc8 23. Qb7 Rb8 24. Qxc8 Rfxc8 25. N1e2 f5 26. f3 f4 27. Nc1 Bd8 28. N3e2 Ba4 29. Nc3 Bd7 30. Kf1 Kf7 31. Ke2 Ke7 32. Kd3 Nh4 0-1

[Event "BUL-ch"]
[Site "Bulgaria"]
[Date "1995.??.??"]
[Round "?"]
[White "Semkov, Semko"]
[Black "Petrov, Marian"]
[Result "0-1"]
[WhiteElo "2465"]
[BlackElo "2385"]
[PlyCount "72"]
[EventDate "1995.??.??"]
[EventType "swiss"]
[EventRounds "13"]
[EventCountry "BUL"]
[SourceTitle "EXT 1997"]
[Source "ChessBase"]
[SourceDate "1996.11.15"]
[SourceVersion "1"]
[SourceVersionDate "1996.11.15"]
[SourceQuality "1"]

1. d4 Nf6 2. c4 g6 3. Nf3 Bg7 4. g3 0-0 5. Bg2 d6 6. 0-0 Nbd7 7. Qc2 e5 8. Rd1 Qe7 9. Nc3 c6 10. b3 Re8 11. e4 exd4 12. Nxd4 Nc5 13. f3 a5 14. Be3 Nfd7 15. Bf2 Ne5 16. Rab1 h5 17. h3 Rf8 18. f4 Ned7 19. Rd2 Nf6 20. a3 Bh6 21. b4 axb4 22. axb4 Ne6 23. c5 d5 24. e5 Ne8 25. Bxd5 cxd5 26. Nxd5 Qd7 27. Ne2 N6g7 28. g4 Qe6 29. Nb6 Nc7 30. Nxa8 Nxa8 31. Rd6 Qe7 32. g5 Bf5 33. Qd1 Bxg5 34. fxg5 Qxg5+ 35. Kh2 Bxb1 36. Qxb1 Qxe5+ 0-1

[Event "Elenite op"]
[Site "Elenite"]
[Date "1993.??.??"]
[Round "1"]
[White "Alexieva, Silvia"]
[Black "Semkov, Semko"]
[Result "0-1"]
[WhiteElo "2145"]
[BlackElo "2465"]
[PlyCount "86"]
[EventDate "1993.??.??"]
[EventType "swiss"]
[EventRounds "9"]
[EventCountry "BUL"]
[SourceTitle "EXT 1998"]
[Source "ChessBase"]
[SourceDate "1997.11.17"]
[SourceVersion "1"]
[SourceVersionDate "1997.11.17"]
[SourceQuality "1"]

1. d4 Nf6 2. Bg5 Ne4 3. Bf4 d5 4. Nd2 Bf5 5. e3 e6 6. Ngf3 g5 7. Nxe4 gxf4 8. Nc3 fxe3 9. fxe3 Bh6 10. Bd3 Bg6 11. Qe2 c5 12. 0-0 Nc6 13. dxc5 Qe7 14. Na4 0-0 15. c3 Rae8 16. b4 e5 17. Bb5 Rd8 18. Bxc6 bxc6 19. Nb2 Kh8 20. Rae1 Rg8 21. Qf2 Be4 22. Re2 f5 23. Qe1 Rg4 24. Rff2 Rdg8 25. c4 Qg7 26. Qd2 d4 27. Nxd4 exd4 28. Qxd4 Qxd4 29. exd4 Bg7 30. Rd2 Rxg2+ 31. Rxg2 Bxd4+ 32. Kf1 Bxg2+ 33. Rxg2 Rxg2 34. Kxg2 Bxb2 35. b5 Be5 36. a4 Kg7 37. a5 Kf6 38. a6 Bb8 39. Kf3 Ke5 40. Ke3 f4+ 41. Kf3 h5 42. b6 Kf5 43. h3 Ke5 0-1

[Event "Berga op"]
[Site "Berga"]
[Date "1993.??.??"]
[Round "7"]
[White "Semkov, Semko"]
[Black "Franco Ocampos, Zenon"]
[Result "0-1"]
[WhiteElo "2480"]
[BlackElo "2480"]
[PlyCount "116"]
[EventDate "1993.08.??"]
[EventType "swiss"]
[EventRounds "9"]
[EventCountry "NED"]
[SourceTitle "EXT 1997"]
[Source "ChessBase"]
[SourceDate "1996.11.15"]
[SourceVersion "1"]
[SourceVersionDate "1996.11.15"]
[SourceQuality "1"]

1. d4 Nf6 2. c4 e6 3. Nc3 Bb4 4. e3 b6 5. Bd3 Bb7 6. Nf3 Ne4 7. 0-0 f5 8. Ne1 0-0 9. Ne2 Bd6 10. f3 Nf6 11. Nc3 c5 12. d5 Be5 13. e4 fxe4 14. fxe4 Bd4+ 15. Kh1 Bxc3 16. bxc3 Nxe4 17. Nf3 exd5 18. Qc2 Nf6 19. Bg5 h6 20. Bxf6 Rxf6 21. Ne5 Nc6 22. Bh7+ Kh8 23. Nf7+ Rxf7 24. Rxf7 Ne5 25. Rf4 dxc4 26. Raf1 Qe7 27. Be4 d5 28. Bg6 Rg8 29. h4 Qd6 30. h5 d4 31. Be4 Bc8 32. Qd2 Ng4 33. R1f3 Qe5 34. Bg6 Qg5 35. Kg1 Ne5 36. Rf1 Bb7 37. Kh2 Ng4+ 38. Kg1 Qh4 39. Rxg4 Qxg4 40. Rf7 Rb8 41. Qf2 Qe6 42. cxd4 Bd5 43. dxc5 bxc5 44. Qf4 Rd8 45. Rf8+ Rxf8 46. Qxf8+ Qg8 47. Qxc5 Qa8 48. g4 Bg8 49. g5 Qd5 50. Qxa7 Qxg5+ 51. Kf2 Qd2+ 52. Kg3 Qe1+ 53. Kf4 c3 54. Qc7 Bxa2 55. Qc8+ Bg8 56. Kf3 Qe6 57. Qc7 Qd5+ 58. Kf2 Qd2+ 0-1

[Event "Manresa op"]
[Site "Manresa"]
[Date "1993.??.??"]
[Round "8"]
[White "Semkov, Semko"]
[Black "Spassov, Liuben"]
[Result "1-0"]
[WhiteElo "2480"]
[BlackElo "2435"]
[PlyCount "95"]
[EventDate "1993.??.??"]
[EventType "swiss"]
[EventRounds "9"]
[EventCountry "ESP"]
[SourceTitle "EXT 1997"]
[Source "ChessBase"]
[SourceDate "1996.11.15"]
[SourceVersion "1"]
[SourceVersionDate "1996.11.15"]
[SourceQuality "1"]

1. d4 d5 2. c4 c6 3. Nc3 Nf6 4. e3 e6 5. Nf3 Nbd7 6. Be2 Bd6 7. b3 0-0 8. 0-0 Re8 9. Qc2 Qe7 10. Rd1 dxc4 11. bxc4 e5 12. a4 exd4 13. exd4 Nf8 14. h3 Ng6 15. Bf1 Be6 16. Bb2 Rad8 17. Re1 Qc7 18. Nd1 Bb4 19. Re3 Nd7 20. Ng5 Ndf8 21. Rb3 Be7 22. Nf3 Nh4 23. Nxh4 Bxh4 24. Ne3 Bc8 25. Rd1 Bg5 26. Re1 Bf6 27. Rd1 Ne6 28. Rbd3 Nf4 29. R3d2 Qa5 30. d5 Bxb2 31. Qxb2 c5 32. Qb5 Qxb5 33. axb5 Rd6 34. Ra2 a6 35. bxa6 Rxa6 36. Rxa6 bxa6 37. Ra1 Re7 38. g3 Ng6 39. Ra5 Rc7 40. Bg2 Kf8 41. d6 Ra7 42. Rxc5 Be6 43. f4 f5 44. Ra5 Ke8 45. c5 Kd7 46. Bf1 Kd8 47. c6 Nf8 48. Rxa6 1-0

[Event "Sitges op"]
[Site "Sitges"]
[Date "1993.??.??"]
[Round "8"]
[White "Semkov, Semko"]
[Black "Spassov, Liuben"]
[Result "1-0"]
[WhiteElo "2480"]
[BlackElo "2435"]
[PlyCount "81"]
[EventDate "1993.07.??"]
[EventType "swiss"]
[EventRounds "9"]
[EventCountry "ESP"]
[SourceTitle "EXT 1997"]
[Source "ChessBase"]
[SourceDate "1996.11.15"]
[SourceVersion "1"]
[SourceVersionDate "1996.11.15"]
[SourceQuality "1"]

1. d4 d5 2. c4 c6 3. Nc3 Nf6 4. e3 a6 5. Nf3 b5 6. b3 Bg4 7. h3 Bxf3 8. Qxf3 e5 9. c5 Nbd7 10. Be2 g6 11. Bb2 Bg7 12. dxe5 Nxe5 13. Qf4 Ned7 14. b4 a5 15. a3 0-0 16. 0-0 Ne4 17. Rac1 axb4 18. axb4 Re8 19. Bd3 f5 20. Rfd1 Be5 21. Qh6 Ng5 22. Bxf5 Nf7 23. Bxd7 Nxh6 24. Bxc6 Rc8 25. Bxd5+ Kh8 26. Bb7 Qh4 27. Bxc8 Rxc8 28. Ba1 Nf7 29. f4 Bg7 30. Rd7 Nd8 31. Nxb5 Bxa1 32. Rxa1 Ne6 33. Nd6 Rf8 34. Raa7 Qe1+ 35. Kh2 Qxe3 36. Nf7+ Rxf7 37. Rxf7 Kg8 38. c6 Nd8 39. c7 Qxa7 40. cxd8Q+ Kxf7 41. Qh8 1-0

[Event "Sitges op"]
[Site "Sitges"]
[Date "1992.??.??"]
[Round "5"]
[White "Ayas Fernandez, Antonio"]
[Black "Semkov, Semko"]
[Result "0-1"]
[WhiteElo "2260"]
[BlackElo "2480"]
[PlyCount "94"]
[EventDate "1992.??.??"]
[EventType "swiss"]
[EventRounds "9"]
[EventCountry "ESP"]
[SourceTitle "TD"]
[Source "ChessBase"]
[SourceDate "1994.03.01"]
[SourceVersion "1"]
[SourceVersionDate "1994.03.01"]
[SourceQuality "1"]

1. e4 c5 2. Nf3 e6 3. c3 Nf6 4. e5 Nd5 5. d4 cxd4 6. cxd4 d6 7. a3 Bd7 8. Bd3 Bc6 9. 0-0 Nd7 10. Re1 Be7 11. Qc2 Rc8 12. Bxh7 dxe5 13. dxe5 Nc5 14. b4 Ba4 15. Qb2 Rxh7 16. bxc5 Bxc5 17. Bg5 Qb6 18. Qxb6 Bxb6 19. Nbd2 Nc3 20. Ne4 Nxe4 21. Rxe4 Bb3 22. Rb4 Bd5 23. Nd4 Bc5 24. Rc1 Kd7 25. Ra4 Rh5 26. h4 f6 27. exf6 gxf6 28. Be3 Rxh4 29. Rxc5 Rxc5 30. Nxe6 Rcc4 31. Nf8+ Kc6 32. Rxa7 Rcg4 33. Kf1 Rg8 34. Ra8 Bxg2+ 35. Ke2 Bh3 36. Bd2 Re4+ 37. Kd3 Bf5 38. Kc3 Re7 39. Kb3 Rc7 40. Bc3 Rc8 41. Rxc8+ Bxc8 42. Nh7 Be6+ 43. Kb2 f5 44. Nf6 Rg2 45. Bd4 Rh2 46. Ne8 Rh6 47. Ng7 Bd7 0-1

[Event "Metz op 10th"]
[Site "Metz"]
[Date "1992.??.??"]
[Round "?"]
[White "Eingorn, Vereslav S"]
[Black "Semkov, Semko"]
[Result "1-0"]
[WhiteElo "2550"]
[BlackElo "2460"]
[PlyCount "67"]
[EventDate "1992.03.??"]
[EventType "swiss"]
[EventRounds "9"]
[EventCountry "FRA"]
[SourceTitle "EXT 2007"]
[Source "ChessBase"]
[SourceDate "2006.11.23"]
[SourceVersion "1"]
[SourceVersionDate "2006.11.23"]
[SourceQuality "1"]

1. d4 d5 2. Nf3 c6 3. c4 e6 4. e3 f5 5. Bd3 Nf6 6. 0-0 Bd6 7. b3 Qe7 8. Bb2 0-0 9. Qc1 Na6 10. Ne5 Bd7 11. c5 Bc7 12. a3 Ng4 13. b4 Nb8 14. f4 Nxe5 15. dxe5 a5 16. Nd2 b5 17. Qc2 Na6 18. Bc3 g6 19. Nf3 Rf7 20. h3 Rg7 21. g4 a4 22. Kh2 Rf8 23. Rg1 Be8 24. Rg3 Bd8 25. Rag1 Nc7 26. Nd4 Bd7 27. gxf5 exf5 28. e6 Nxe6 29. Nxf5 gxf5 30. Bxf5 Rxf5 31. Qxf5 Ng5 32. Qxg5 Qxg5 33. Rxg5 Rxg5 34. fxg5 1-0

[Event "BUL-ch"]
[Site "Sofia"]
[Date "1992.??.??"]
[Round "1"]
[White "Ermenkov, Evgenij"]
[Black "Semkov, Semko"]
[Result "1-0"]
[WhiteElo "2505"]
[BlackElo "2480"]
[PlyCount "78"]
[EventDate "1992.03.??"]
[EventType "tourn"]
[EventRounds "13"]
[EventCountry "BUL"]
[EventCategory "7"]
[SourceTitle "TD"]
[Source "ChessBase"]
[SourceDate "1994.03.01"]
[SourceVersion "1"]
[SourceVersionDate "1994.03.01"]
[SourceQuality "1"]

1. e4 c5 2. Nf3 e6 3. d4 cxd4 4. Nxd4 Nc6 5. Nc3 Qc7 6. Be2 a6 7. 0-0 Nf6 8. Be3 Be7 9. f4 d6 10. Qe1 0-0 11. Qg3 Kh8 12. Rad1 Bd7 13. Kh1 Rae8 14. a3 Bd8 15. Nf3 Ne7 16. Bd3 Ng6 17. e5 dxe5 18. fxe5 Nd5 19. Nxd5 exd5 20. Bd4 Bb5 21. Bxb5 axb5 22. Bc3 Qd7 23. Rf2 f6 24. exf6 Bxf6 25. Bxf6 Rxf6 26. Nd4 Rxf2 27. Qxf2 Qg4 28. Rf1 h6 29. h3 Qe4 30. Qd2 Re5 31. Rf7 Rg5 32. Nf3 Rf5 33. Rxb7 Ne5 34. Qd4 Qe2 35. Nxe5 Qe1+ 36. Kh2 Rxe5 37. Rxb5 Re3 38. Qf4 Re5 39. c4 Rg5 1-0

[Event "BUL-ch"]
[Site "Sofia"]
[Date "1992.??.??"]
[Round "5"]
[White "Lalev, Dimitar"]
[Black "Semkov, Semko"]
[Result "0-1"]
[WhiteElo "2425"]
[BlackElo "2480"]
[PlyCount "38"]
[EventDate "1992.03.??"]
[EventType "tourn"]
[EventRounds "13"]
[EventCountry "BUL"]
[EventCategory "7"]
[SourceTitle "TD"]
[Source "ChessBase"]
[SourceDate "1994.03.01"]
[SourceVersion "1"]
[SourceVersionDate "1994.03.01"]
[SourceQuality "1"]

1. d4 d5 2. c4 e6 3. Nc3 c6 4. e3 f5 5. g4 Nf6 6. gxf5 exf5 7. cxd5 Nxd5 8. Bc4 Be6 9. Qb3 Bb4 10. Nge2 b5 11. Bxd5 Bxd5 12. Qxb4 a5 13. Nxd5 axb4 14. Nxb4 Na6 15. Bd2 Nxb4 16. Bxb4 Qd5 17. Rg1 Rxa2 18. Rc1 Qb3 19. Ba3 b4 0-1

[Event "Sitges op"]
[Site "Sitges"]
[Date "1992.??.??"]
[Round "1"]
[White "Lopez, C."]
[Black "Semkov, Semko"]
[Result "0-1"]
[WhiteElo "2275"]
[BlackElo "2480"]
[PlyCount "38"]
[EventDate "1992.??.??"]
[EventType "swiss"]
[EventRounds "9"]
[EventCountry "ESP"]
[SourceTitle "TD"]
[Source "ChessBase"]
[SourceDate "1994.03.01"]
[SourceVersion "1"]
[SourceVersionDate "1994.03.01"]
[SourceQuality "1"]

1. d4 Nf6 2. Bg5 Ne4 3. Bh4 d5 4. Nd2 g5 5. Bg3 Bf5 6. e3 Nxg3 7. hxg3 Nd7 8. Ndf3 e6 9. Bd3 Qf6 10. Bxf5 Qxf5 11. Rh5 Rg8 12. Ne2 h6 13. Nc1 f6 14. Nd3 0-0-0 15. Qe2 e5 16. dxe5 fxe5 17. 0-0-0 e4 18. Nd4 exd3 19. Rxd3 Qf7 0-1

[Event "BUL-ch"]
[Site "Sofia"]
[Date "1992.??.??"]
[Round "2"]
[White "Semkov, Semko"]
[Black "Donchev, Dimitar I"]
[Result "1/2-1/2"]
[WhiteElo "2480"]
[BlackElo "2520"]
[PlyCount "49"]
[EventDate "1992.03.??"]
[EventType "tourn"]
[EventRounds "13"]
[EventCountry "BUL"]
[EventCategory "7"]
[SourceTitle "TD"]
[Source "ChessBase"]
[SourceDate "1994.03.01"]
[SourceVersion "1"]
[SourceVersionDate "1994.03.01"]
[SourceQuality "1"]

1. d4 Nf6 2. c4 g6 3. Nc3 d5 4. cxd5 Nxd5 5. e4 Nxc3 6. bxc3 Bg7 7. Nf3 c5 8. Bb5+ Bd7 9. Bxd7+ Nxd7 10. 0-0 b5 11. a4 bxa4 12. Qxa4 0-0 13. Be3 Qc7 14. h3 Rfc8 15. Rfb1 e6 16. Qa6 Rab8 17. Rxb8 Rxb8 18. g3 cxd4 19. cxd4 Qb7 20. Qxb7 Rxb7 21. d5 exd5 22. exd5 Nb6 23. d6 Rd7 24. Bc5 f5 25. Bxb6 1/2-1/2

[Event "BUL-ch"]
[Site "Sofia"]
[Date "1992.??.??"]
[Round "4"]
[White "Semkov, Semko"]
[Black "Georgiev, Krum"]
[Result "0-1"]
[WhiteElo "2480"]
[BlackElo "2505"]
[PlyCount "98"]
[EventDate "1992.03.??"]
[EventType "tourn"]
[EventRounds "13"]
[EventCountry "BUL"]
[EventCategory "7"]
[SourceTitle "TD"]
[Source "ChessBase"]
[SourceDate "1994.03.01"]
[SourceVersion "1"]
[SourceVersionDate "1994.03.01"]
[SourceQuality "1"]

1. d4 Nf6 2. c4 g6 3. Nc3 Bg7 4. e4 d6 5. Bd3 0-0 6. Nge2 Nbd7 7. Bc2 c5 8. d5 Ne5 9. b3 b5 10. cxb5 a6 11. f4 Ned7 12. Bd3 axb5 13. Bxb5 Nb8 14. Bd2 e6 15. 0-0 exd5 16. exd5 Na6 17. Kh1 Nb4 18. a3 Nbxd5 19. Nxd5 Nxd5 20. Bc6 Be6 21. f5 Rc8 22. Bxd5 Bxd5 23. Bc3 Bb7 24. Bxg7 Kxg7 25. f6+ Kh8 26. Qd2 Qd7 27. Rad1 Rce8 28. Ng3 Re6 29. Qh6 Rg8 30. Rd3 Ba6 31. Rdf3 Bxf1 32. Nxf1 Re1 33. Kg1 Qg4 34. Qd2 Qd4+ 35. Qxd4 cxd4 36. Rd3 Rc8 37. Kf2 Re6 38. Rxd4 Rxf6+ 39. Ke2 Rc3 40. Nd2 Kg7 41. a4 Re6+ 42. Kd1 f5 43. a5 Re5 44. Ra4 Rb5 45. a6 Rc8 46. Nc4 Rxb3 47. Kc2 Rb5 48. a7 Ra8 49. Nxd6 Rb6 0-1

[Event "Sitges op"]
[Site "Sitges"]
[Date "1992.??.??"]
[Round "4"]
[White "Semkov, Semko"]
[Black "Gual Pascual, Antonio"]
[Result "1/2-1/2"]
[WhiteElo "2480"]
[BlackElo "2320"]
[PlyCount "63"]
[EventDate "1992.??.??"]
[EventType "swiss"]
[EventRounds "9"]
[EventCountry "ESP"]
[SourceTitle "TD"]
[Source "ChessBase"]
[SourceDate "1994.03.01"]
[SourceVersion "1"]
[SourceVersionDate "1994.03.01"]
[SourceQuality "1"]

1. d4 f5 2. Nf3 Nf6 3. c4 g6 4. g3 Bg7 5. Bg2 0-0 6. 0-0 d6 7. Nc3 c6 8. b3 a5 9. Bb2 Na6 10. Re1 Qc7 11. e4 fxe4 12. Nxe4 Nxe4 13. Rxe4 Bf5 14. Re1 Rae8 15. Ng5 e5 16. dxe5 Bxe5 17. Bxe5 dxe5 18. Ne4 Bxe4 19. Bxe4 Nc5 20. Qg4 Qf7 21. Re2 a4 22. b4 Ne6 23. Rc1 Kg7 24. Rd2 Rd8 25. Qe2 Rxd2 26. Qxd2 Qe7 27. h4 Rd8 28. Qc3 Rd4 29. Re1 Qf6 30. Bg2 g5 31. hxg5 Nxg5 32. b5 1/2-1/2